Women in Social Change: (Record no. 181607)

MARC details
000 -LEADER
fixed length control field 00568nam a22001817a 4500
005 - DATE AND TIME OF LATEST TRANSACTION
control field 20210927160634.0
010 ## - LCCN (DPL NO)
LC control number ENG-129973
020 ## - INTERNATIONAL STANDARD BOOK NUMBER
Terms of availability 1295.00
International Standard Book Number 9789353887711
035 ## - SYSTEM CONTROL NUMBER
System control number EN-113505
037 ## - SOURCE OF ACQUISITION
Source of stock number/acquisition DBAD/PUB
082 ## - DEWEY DECIMAL CLASSIFICATION NUMBER
Classification number 320.08209546
245 ## - TITLE STATEMENT
Title Women in Social Change:
Remainder of title Visions, Struggles and Persisting Concerns/
Statement of responsibility, etc edited by Ghazala Jamil
250 ## - EDITION STATEMENT
Edition statement 2021
260 ## - PUBLICATION, DISTRIBUTION, ETC. (IMPRINT)
Name of publisher, distributor, etc Sage
Date of publication, distribution, etc 2021
270 ## - ADDRESS
City New Delhi
Address BI/1-1 Mohan Cooperative Industrial Area
Postal code 110044
300 ## - PHYSICAL DESCRIPTION
Extent xliv,276p
Dimensions 21cm (pbk)
942 ## - ADDED ENTRY ELEMENTS (KOHA)
Source of classification or shelving scheme Dewey Decimal Classification
Item type English Books
Call number suffix GHA
Classification part 320.08209546
Holdings
Withdrawn status Lost status Not for loan Collection code Home library Current library Date acquired Source of acquisition Cost, normal purchase price Full call number Barcode Copy number Cost, replacement price Koha item type
      Non-fiction Shahdara Branch Shahdara Branch 27/09/2021 DBAD/PUB 1295.00 320.08209546 WOM EN-113505 1 1295.00 English Books

© Delhi Public Library
Hit Counter
free hit counter